Sources of contagion finance or trade?
Salvato in:
| Autore principale: | |
|---|---|
| Altri autori: | |
| Natura: | Libro |
| Lingua: | inglese |
| Pubblicazione: |
Washington
International Monetary Fund
1999
|
| Serie: | IMF Working Paper
WP/99/146 |
| Soggetti: | |
| Tags: |
Nessun Tag, puoi essere il primo ad aggiungerne!!
|
MARC
| LEADER | 00000nam a2200000 4500 | ||
|---|---|---|---|
| 001 | c124224 | ||
| 005 | 20221221083627.2 | ||
| 041 | 0 | |a eng | |
| 044 | |a US | ||
| 245 | 1 | 0 | |a Sources of contagion |b finance or trade? |c Prepared by Caroline van Rijckeghem and Beatrice Weder |
| 264 | 1 | |a Washington |b International Monetary Fund |c 1999 | |
| 300 | |a 28 s. | ||
| 490 | 1 | |a IMF Working Paper |v WP/99/146 | |
| 830 | 0 | |a IMF Working Paper |v WP/99/146 | |
| 610 | 2 | 0 | |a kríza finančná |
| 610 | 2 | 0 | |a banky |
| 610 | 2 | 0 | |a pôžičky |
| 610 | 2 | 0 | |a ukazovatele finančné |
| 610 | 2 | 0 | |a obchod |
| 610 | 2 | 0 | |a konkurencia |
| 610 | 2 | 0 | |a úver bankový |
| 610 | 2 | 0 | |a Mexiko |
| 610 | 2 | 0 | |a Ázia |
| 610 | 2 | 0 | |a Brazília |
| 610 | 2 | 0 | |a Rusko |
| 100 | 1 | |a Rijckeghem, Caroline van | |
| 700 | 1 | |a Weder, Beatrice | |